LEADER 01149nam0-2200313 --450 001 9910276259203321 005 20180704141010.0 100 $a20180704d1973----km y0itay50 ----ba 101 0 $aeng 102 $aUS 200 1 $aPhysical requirements of transport systems for large freight containers 210 $aNew York$cUnited Nations$d1973 215 $aviii, 113 p.$cill.$d29 cm 225 1 $a[Document] - United Nations$vST/ECA/170 300 $aIn testa al front.: Department of Economic and Social Affairs. 300 $aPreparato per il segretario generale dal Transportøkonomisk institut (Istituto per l'economia dei trasporti), Oslo, Norvegia. 610 0 $aAutotrasporti$aContainerizzazione 610 0 $aFerrovie$aTrasporto merci 610 0 $aNavi mercantili 676 $a300/.8 s 676 $a621.7/57 712 02$aUnited Nations,$bDepartment of economic and social affairs 801 0$aIT$bUNINA$gRICA$2UNIMARC 901 $aBK 912 $a9910276259203321 952 $aF4/36$b2485$fDINTR 959 $aDINTR 996 $aPhysical requirements of transport systems for large freight containers$91506067 997 $aUNINA LEADER 01384nam a22002771i 4500 001 991000103859707536 005 20031015124442.0 008 031111s1995 gw |||||||||||||||||ger 035 $ab12570977-39ule_inst 035 $aARCHE-060422$9ExL 040 $aDip.to Lingue$bita$cA.t.i. Arché s.c.r.l. Pandora Sicilia s.r.l. 082 04$a943 245 00$aAltes Germanien :$bAuszüge aus den antiken Quellen über die Germanen und ihre Beziehungen zum römischen Reich : Quellen der alten Geschichte bis zum Jahre 238 n. Chr. /$chrsg. und übersetzt von Hans-Werner Goetz und Karl-Wilhelm Welwei 260 $aDarmstadt :$bWissenschaftliche Buchgesellschaft,$c1995 300 $a2 v. ;$c23 cm 440 0$aAusgewahlte Quellen zur deutschen Geschichte des Mittelalters ;$v1a 651 4$aGermania$xStoria$xMedioevo 700 1 $aGoetz, Hans-Werner$eauthor$4http://id.loc.gov/vocabulary/relators/aut$0166838 700 1 $aWelwei, Karl-Wilhelm 907 $a.b12570977$b02-04-14$c13-11-03 912 $a991000103859707536 945 $aLE012 943.01 GOE 1$cV. 1$g1$i2012000182752$lle012$o-$pE0.00$q-$rl$s- $t0$u0$v0$w0$x0$y.i1302534x$z13-11-03 945 $aLE012 943.01 GOE 2$cV. 2$g1$i2012000182745$lle012$o-$pE0.00$q-$rl$s- $t0$u0$v0$w0$x0$y.i13025351$z13-11-03 996 $aAltes Germanien$91460119 997 $aUNISALENTO 998 $ale012$b13-11-03$cm$da $e-$fger$ggw $h0$i2